000 00543nam a22001937a 4500
003 OSt
005 20170303133202.0
008 170303b xxu||||| |||| 00| 0 eng d
020 _a9780854042517
040 _cDDC.
082 _a333.9516BIO 2007.
100 _aEdited by RE,Hester;Harrison,R M;
_911747
245 _aBiodiversity under threat:
260 _aUK,
_bRSC Publishing.
_c2007.
300 _axviii,272p;
_bill:
_c25cm.
504 _aincludes references and index.
650 _aEnvironmental science.
_911748
942 _2ddc
_cO_SHELF
999 _c5632
_d5632